Silk purse or sow's ear? (Record no. 111457)

MARC details
000 -LEADER
fixed length control field 00990cad a22002055a 4500
001 - CONTROL NUMBER
control field E151575
008 - FIXED-LENGTH DATA ELEMENTS--GENERAL INFORMATION
fixed length control field 101122s2010 xxk f 000 0 eng d
035 ## - SYSTEM CONTROL NUMBER
System control number (Sirsi) u151575
041 0# - LANGUAGE CODE
Language code of text/sound track or separate title eng
110 2# - MAIN ENTRY--CORPORATE NAME
Corporate name or jurisdiction name as entry element GVA Grimley
9 (RLIN) 3646
245 00 - TITLE STATEMENT
Title Silk purse or sow's ear?
Remainder of title achieving value from the public sector estate
Medium [electronic resource]
260 ## - PUBLICATION, DISTRIBUTION, ETC.
Place of publication, distribution, etc. London
Name of publisher, distributor, etc. GVA Grimley
Date of publication, distribution, etc. 2010
490 #0 - SERIES STATEMENT
Series statement GVA Grimley Property Intelligence
Volume/sequential designation Winter 2010
520 ## - SUMMARY, ETC.
Summary, etc. The government is planning £81bn of cuts to public spending over the next four years. This publication looks at whether this aim is achievable and discusses how it might be implemented. Considers the implications for public sector holdings.
590 ## - LOCAL NOTE (RLIN)
Local note KA NTK
651 #4 - SUBJECT ADDED ENTRY--GEOGRAPHIC NAME
Geographic name England and Wales
Chronological subdivision 1543-
690 ## - LOCAL SUBJECT ADDED ENTRY--TOPICAL TERM (OCLC, RLIN)
Topical term or geographic name as entry element Block management
9 (RLIN) 6220
856 40 - ELECTRONIC LOCATION AND ACCESS
Uniform Resource Identifier <a href="https://www.gvagrimley.co.uk/documents/research/07184%20Research%20CSR%20Thought%20Leadership%20Report.pdf">https://www.gvagrimley.co.uk/documents/research/07184%20Research%20CSR%20Thought%20Leadership%20Report.pdf</a>
Public note View the report free of charge at www.gvagrimley.co.uk
942 ## - ADDED ENTRY ELEMENTS (KOHA)
Suppress in OPAC 0
Holdings
Withdrawn status Lost status Source of classification or shelving scheme Damaged status Not for loan Home library Current library Shelving location Date acquired Total Checkouts Full call number Barcode Date last seen Copy number Price effective from Koha item type
    Dewey Decimal Classification     Virtual Virtual Online 22/11/2010   ONLINE PUBLICATION 151575-2001 06/08/2019 1 06/08/2019 Book